| 000 | 00694nam a2200217Ia 4500 | ||
|---|---|---|---|
| 003 | IN-BaIIA | ||
| 008 | 211028s9999 xx 000 0 eng d | ||
| 020 | _a0-521-44335-0 | ||
| 040 | _cIIA Library | ||
| 080 |
_a52-37 _bEXT |
||
| 245 | 0 |
_aExtraterrestrials _bwhere are they ? _cedited by Ben Zukerman and Micheal H. Hart |
|
| 250 | _a2nd ed. | ||
| 260 |
_aCambridge _bCambridge University Press _c1995 |
||
| 300 | _axii, 239p. | ||
| 650 |
_aExtraterrestrial life _94250 |
||
| 650 |
_aGalaxy. _93368 |
||
| 650 |
_ainterstellar communication _97541 |
||
| 700 |
_aHart, Micheal H., ed. _921208 |
||
| 700 |
_aZukerman, Ben, ed. _921209 |
||
| 942 | _cBK | ||
| 999 |
_c12158 _d12158 |
||